Central Library OPAC University of Rajshahi

Minutes of evidence taken before the whole House and the Select Committee on the Affairs of the East India Company / (Record no. 28547)

MARC details
000 -LEADER
fixed length control field 01147nam a2200265 a 4500
001 - CONTROL NUMBER
control field 28547
003 - CONTROL NUMBER IDENTIFIER
rucl marc code BD-RjUL
005 - DATE AND TIME OF LATEST TRANSACTION
control field 20211209051310.0
008 - FIXED-LENGTH DATA ELEMENTS--GENERAL INFORMATION
fixed length control field 140331s1968 ie || o||| ||eng d
020 ## - INTERNATIONAL STANDARD BOOK NUMBER
International Standard Book Number 071650359x
035 ## - SYSTEM CONTROL NUMBER
System control number (BD-RjUL)28628
040 ## - CATALOGING SOURCE
Original cataloging agency Uk
Transcribing agency Uk
Language of cataloging eng
Modifying agency BD-RjUL
041 ## - LANGUAGE CODE
Language code of text/sound track or separate title eng
082 04 - DEWEY DECIMAL CLASSIFICATION NUMBER
Edition number 21
Classification number 954.029
Author mark and year GRM 1968
110 1# - MAIN ENTRY--CORPORATE NAME
Corporate name or jurisdiction name as entry element Great Britain.
Subordinate unit Parliament.
-- House of Commons.
9 (RLIN) 87463
245 10 - TITLE STATEMENT
Title Minutes of evidence taken before the whole House and the Select Committee on the Affairs of the East India Company /
Statement of responsibility, etc. Great Britain. Parliament. House of Commons.; Great Britain. Parliament. HouCommons. Select Committee on the Affairs of the East India Company.
260 ## - PUBLICATION, DISTRIBUTION, ETC. (IMPRINT)
Place of publication, distribution, etc. Shannon :
Name of publisher, distributor, etc. Irish University press,
Date of publication, distribution, etc. 1968.
300 ## - PHYSICAL DESCRIPTION
Pagination 591 p. ;
Size 35/21 cm.
490 #0 - SERIES STATEMENT
Series statement British parliamentary papers, colonies, East India, 4.
610 20 - SUBJECT ADDED ENTRY--CORPORATE NAME
Corporate name or jurisdiction name as entry element East India Company.
651 #0 - SUBJECT ADDED ENTRY--GEOGRAPHIC NAME
Geographic name India
General subdivision History
Chronological subdivision British occupation, 1765-1947
Form subdivision Sources.
9 (RLIN) 87454
710 2# - ADDED ENTRY--CORPORATE NAME
Corporate name or jurisdiction name as entry element Select Committee on the Affairs of the East India Company.
9 (RLIN) 87455
830 #0 - SERIES ADDED ENTRY--UNIFORM TITLE
Uniform title British parliamentary papers, colonies, East India, 4.
942 ## - ADDED ENTRY ELEMENTS (KOHA)
Source of classification or shelving scheme Dewey Decimal Classification
Koha item type Books
Holdings
Lost status Source of classification or shelving scheme Damaged status Not for loan Collection code Permanent Location Current Location Shelving location Date acquired Source of acquisition Cost, normal purchase price Total Checkouts Full call number Date last seen Copy number Koha item type
  Dewey Decimal Classification   Added to bundle Non-fiction Central Library, University of Rajshahi Central Library, University of Rajshahi Reading Room 28/01/1971 Zeitlinger. 0.00   954.029 GRM 1968 31/03/2014 C-1 Books